15 Bands on V - Statistics

General Stats
  • This quiz has been taken 14 times
  • The average score is 3 of 15
Answer Stats
Answer % Correct
Van Halen
75%
the Verve
42%
the Veronicas
25%
Velvet Underground
25%
Venom
25%
Vive la Fête
17%
Volbeat
17%
Velvet Revolver
8%
Vengaboys
8%
Village People
8%
Violent Femmes
8%
Vixen
8%
the Vandals
0%
Villagers
0%
VNV Nation
0%
No matching quizzes found
Score Distribution
Percent of People with Each Score
Percentile by Number Answered
Your Score History
You have not taken this quiz